Ceny obilnín podopreli celé agrárne odvetvie

Bibliographic Details
Main Authors: Lettrich, Roman (Author, Interviewer), Urminský, Ján (Author)
Format: Article
Language:Slovak
ISSN:1335-440X
Subjects:

MARC

LEADER 00000nab a2200000 ar4500
001 vtls009290217
003 SK-MaSNL
005 20260426100606.0
008 080428c20080411xo |||||||||||000 b|slo
015 |a SNBRB2008/04  |2 snkbucl 
038 |a SNKBUCL 
040 |a SNKBUCL  |b slo  |c SNKBUCL  |e AACR2 
041 0 |a slo 
044 |a xo  |c SK 
080 |a 339.166:633.1  |x (437.6)  |2 1997 
080 |a 338.5  |x (437.6)  |2 1997 
080 |a 633.1  |x (437.6)  |2 1997 
100 1 |a Lettrich, Roman  |4 ivr  |4 aut  |9 856760 
245 1 0 |a Ceny obilnín podopreli celé agrárne odvetvie  |c Roman Lettrich, Jozef Urminský 
650 0 7 |a obilniny  |2 snkbucl  |9 19007 
650 0 7 |a trh  |2 snkbucl  |9 406496 
650 0 7 |a ceny  |2 snkbucl  |9 2113 
651 7 |a Slovensko  |2 snkbucl  |9 14231 
700 1 |a Urminský, Ján  |4 ive  |4 aut  |9 441486 
773 0 |t Sme. Roľnícke noviny  |g Č. 85 (11.4.2008)  |x 1335-440X 
773 0 8 |i Príl.:  |t Roľnícke noviny  |g Č. 15 (11.4.2008), s. 1 a 5 
852 |a SNK  |b KIS3GCP 
958 |a SK 
999 |c 3201215  |d 3203145